00423nam a2200145Ia 4500008004100000010001400041040002600055041002600081082001700107100001600124245005200140260002400192300002200216600003900238090201s9999 xx 000 0 und d aKPL-11700 bइंग्रजी aइंग्रजी a29965b11700 as. d. hodgo aprogramming for optional decisionscs. d. hodgo c2004bpenguin books a341bमोठा aprogramming for optional decisions